Kent - Kevlarsjäl (lyrics) - Statistics

General Stats
  • This quiz has been taken 6 times
  • The average score is 182 of 191
Answer Stats
Answer % Correct
allt
100%
är
100%
blev
100%
blöder
100%
din
100%
ditt
100%
Du
100%
du
100%
ett
100%
fritt
100%
gör
100%
hål
100%
hjärtat
100%
i
100%
ihjäl
100%
Jag
100%
jag
100%
kevlarsjäl
100%
kind,
100%
Kom,
100%
Kom
100%
land
100%
land,
100%
länge
100%
min
100%
minns
100%
Mitt
100%
mitt
100%
Mot
100%
och
100%
Och
100%
100%
100%
sår
100%
slår
100%
som
100%
Sommartid
100%
stack
100%
tårar
100%
tystnaden
100%
vinden
100%
dig
75%
dröm
75%
folder
75%
här
75%
när
75%
socialstyrelsens
75%
svart
75%
bara
50%
hjärnan,
50%
lyssnaren
50%
våldet
50%
Var
50%
vitt,
50%
(Din dröm är min nu)
25%
(Min dröm är din nu)
25%
No matching quizzes found
Score Distribution
Percent of People with Each Score
Percentile by Number Answered
Your Score History
You have not taken this quiz